A Grünwald Géza emlékdíj szegedi nyertese

Elmentve itt :
Bibliográfiai részletek
Szerző: Jakab Ágnes
Dokumentumtípus: Cikk
Megjelent: 1967-02-03
Sorozat:Délmagyarország 57 No. 29
Kulcsszavak:Gécseg Ferenc, Csákány Béla, Szőkefalvy Nagy Béla, Kalmár László, Rédei László, Kitüntetés adományozása Szeged 1967, Matematika Szeged 1967
Online Access:http://dmarchiv.bibl.u-szeged.hu/61918
LEADER 00601nab a2200157 i 4500
001 delm61918
005 20180927144530.0
008 180927s1967 hu o 0|| hun d
040 |a SZTE Délmagyarország Archívum  |b hun 
041 |a hun 
100 1 |a Jakab Ágnes 
245 1 2 |a A Grünwald Géza emlékdíj szegedi nyertese  |h [elektronikus dokumentum] /  |c  Jakab Ágnes 
260 |c 1967-02-03 
300 |a 5 
490 0 |a Délmagyarország  |v 57 No. 29 
695 |a Gécseg Ferenc, Csákány Béla, Szőkefalvy Nagy Béla, Kalmár László, Rédei László, Kitüntetés adományozása Szeged 1967, Matematika Szeged 1967